<?xml version="1.0" encoding="UTF-8"?>
<collection xmlns="http://www.loc.gov/MARC21/slim">
 <record>
  <leader>01780cam a2200301 7i4500</leader>
  <controlfield tag="001">0000067455</controlfield>
  <controlfield tag="005">20090826090000.0</controlfield>
  <controlfield tag="008">090826</controlfield>
  <datafield tag="020" ind1="0" ind2="0">
   <subfield code="a">0792252896 </subfield>
  </datafield>
  <datafield tag="020" ind1="0" ind2="0">
   <subfield code="a">2799475126 </subfield>
  </datafield>
  <datafield tag="090" ind1="0" ind2="0">
   <subfield code="a">RG 613 </subfield>
   <subfield code="b">.I5 2005</subfield>
  </datafield>
  <datafield tag="245" ind1="0" ind2="0">
   <subfield code="a">In the womb  </subfield>
   <subfield code="c">produced by Pioneer Film and TV Productions Limited for National Geographic Channel ; written, produced &amp; directed by Toby Macdonald ; editor, Andy Greening.</subfield>
  </datafield>
  <datafield tag="246" ind1="3" ind2="0">
   <subfield code="a">Womb.</subfield>
  </datafield>
  <datafield tag="260" ind1="0" ind2="0">
   <subfield code="a">Washington, D.C.: </subfield>
   <subfield code="b">National Geographic Channel, </subfield>
   <subfield code="c">2005.</subfield>
  </datafield>
  <datafield tag="300" ind1=" " ind2=" ">
   <subfield code="a">1 videodisc (89 min.): </subfield>
   <subfield code="b">sd., col.; </subfield>
   <subfield code="c">4 3/4 in..</subfield>
  </datafield>
  <datafield tag="500" ind1="0" ind2="0">
   <subfield code="a">Special features: Prenatal development timeline</subfield>
  </datafield>
  <datafield tag="508" ind1=" " ind2=" ">
   <subfield code="a">Photography, David Swan, Robin Cox ; original music, Simon Lacey ; special effects, Artem, Mill TV ; special effects photography, David Barlow</subfield>
  </datafield>
  <datafield tag="511" ind1="0" ind2="0">
   <subfield code="a">Narrator, Nick Schatzki</subfield>
  </datafield>
  <datafield tag="520" ind1="0" ind2="0">
   <subfield code="a">From the moment of conception, every human embryo embarks on an incredible nine-month journey of development. Now, cutting-edge technology makes it possible for National Geographic Channel's &quot;In the womb&quot; to open a window into the hidden world of the fetus and explore each trimester in amazing new detail. Revolutionary 3-D and 4-D imagery sheds light on the delicate, dark world of a fetus as never before and follows a rare fetoscope operation, performed in utero with the hope of correcting life-threatening complications before birth</subfield>
  </datafield>
  <datafield tag="538" ind1="0" ind2="0">
   <subfield code="a">DVD, region 1, widescreen presentation</subfield>
  </datafield>
  <datafield tag="546" ind1="0" ind2="0">
   <subfield code="a">Closed-captioned</subfield>
  </datafield>
  <datafield tag="650" ind1="0" ind2="0">
   <subfield code="a">Pregnancy </subfield>
  </datafield>
  <datafield tag="650" ind1="0" ind2="0">
   <subfield code="a">Childbirth </subfield>
  </datafield>
  <datafield tag="650" ind1="0" ind2="0">
   <subfield code="a">Fetus -- </subfield>
   <subfield code="x">growth </subfield>
  </datafield>
  <datafield tag="700" ind1="1" ind2="1">
   <subfield code="a">Macdonald, Toby </subfield>
  </datafield>
  <datafield tag="710" ind1="2" ind2="1">
   <subfield code="a">Pioneer Productions </subfield>
  </datafield>
  <datafield tag="710" ind1="2" ind2="1">
   <subfield code="a">National Geographic Channel (Television station : Washington, D.C.) </subfield>
  </datafield>
  <datafield tag="999" ind1=" " ind2=" ">
   <subfield code="a">1100063243</subfield>
   <subfield code="b">Digital Video Disc</subfield>
   <subfield code="c">Bahan Sumber Media</subfield>
   <subfield code="e">BILIK BAHAN SUMBER MEDIA</subfield>
  </datafield>
 </record>
</collection>
